00781nam a22001697a 4500003000400000005001700004008004100021020001500062040001000077100002900087245004400116260003300160300001100193490005200204505029800256650005700554OSt20241212111013.0240513s1991 |||||||| |||| 00| e spa d a9509122025 cbesoc1 aSavater, Fernandoe1947-10aÉtica para amador /cFernando Savater aBuenos Aires :bAriel,c1991 a189 p.0 aSerie Ápeiron : Invitación a la filosofía aAviso antipedagógico -- Prólogo -- De qué va la ética -- Órdenes, costumbres y caprichos -- Haz lo que quieras -- Date la buena vida -- ¡Despierta, baby! -- Aparece Pepito Grillo -- Ponte en su lugar -- Tanto gusto -- Elecciones generales -- Epílogo. Tendrás que pensártelo.-  4aLiteratura españolavEnsayoxFilosofíaySiglo XX